000 00765nam a2200217Ia 4500
003 GCL
008 140319s9999 xx 000 0 ara d
040 _aGCL /
_cGCL
082 0 4 _aم
_b011
_bع ك
100 1 _aعايدة ابراهيم نصير
245 1 0 _aالكتب العربية التى نشرت فى مصر فى القرن التاسع عشر /
_cعايدة ابراهيم نصير
260 _a[S.N] :
_bالجامعة الامريكية بالقاهرة ،
_c1990
300 _a403 ص
650 0 4 _aمصر
650 0 4 _aالحضارة العربية الاسلامية - المعارف البحرية
650 0 4 _aالثقافة
650 0 4 _aالكتب
650 0 4 _aالتأليف
650 0 4 _aالقرن التاسع
942 _2ddc
_cREF
999 _c59534
_d59534